Central-Library-PUMHS

Online Public Access Catalogue

Welcome to PUMHS Central Library Nawabshah, SBA

Transcultural concepts in nursing care / (Record no. 37444)

000 -LEADER
fixed length control field 02081cam a2200385 i 4500
001 - CONTROL NUMBER
control field 21006632
003 - CONTROL NUMBER IDENTIFIER
control field OSt
005 - DATE AND TIME OF LATEST TRANSACTION
control field 20260105121253.0
008 - FIXED-LENGTH DATA ELEMENTS--GENERAL INFORMATION
fixed length control field 190604s2020 paua b 001 0 eng
010 ## - LIBRARY OF CONGRESS CONTROL NUMBER
LC control number 2019021397
020 ## - INTERNATIONAL STANDARD BOOK NUMBER
International Standard Book Number 9781975110673
035 ## - SYSTEM CONTROL NUMBER
System control number 21006632
035 ## - SYSTEM CONTROL NUMBER
System control number (DNLM)101748617
040 ## - CATALOGING SOURCE
Original cataloging agency DNLM/DLC
Transcribing agency DLC
Description conventions rda
Modifying agency DLC
042 ## - AUTHENTICATION CODE
Authentication code pcc
050 00 - LIBRARY OF CONGRESS CALL NUMBER
Classification number RT86.54
Item number .A53 2020
060 10 - NATIONAL LIBRARY OF MEDICINE CALL NUMBER
Classification number WY 107
082 00 - DEWEY DECIMAL CLASSIFICATION NUMBER
Classification number 362.17/3
Edition number 23
100 ## - MAIN ENTRY--PERSONAL NAME
Personal name Margaret M. Andrews
245 00 - TITLE STATEMENT
Title Transcultural concepts in nursing care /
Statement of responsibility, etc [edited by] Margaret M. Andrews, Joyceen S. Boyle, John W. Collins.
250 ## - EDITION STATEMENT
Edition statement Eighth edition.
260 ## - PUBLICATION, DISTRIBUTION, ETC. (IMPRINT)
Date of publication, distribution, etc 2016
300 ## - PHYSICAL DESCRIPTION
Extent xx, 459 pages :
Other physical details illustrations ;
Dimensions 23 cm
490 ## - SERIES STATEMENT
Series statement Eighth edition.
504 ## - BIBLIOGRAPHY, ETC. NOTE
Bibliography, etc Includes bibliographical references and index.
520 ## - SUMMARY, ETC.
Summary, etc "When preparing today's students to become tomorrow's nurses, Wolters Kluwer knows you need a Transcultural Nursing textbook that you can trust. Transcultural Concepts Care, 8th Ed, is a comprehensive text that provides nurses with the theoretical foundations for transcultural nursing. The text features transcultural theories, models, & research Transcultural Nursing Scholars Margaret M. Andrews, Joyceen S. Boyle, and John W. Collins emphasize the need for effective & efficient communication, client- and patient-centered teamwork, & collaboration among members of the interprofessional health care team. Their approach to transcultural nursing is rooted in cultural assessment, which is special allows students to care for individuals, groups, & communities from any & all cultural groups they might encounter in their professional careers"--
650 12 - SUBJECT ADDED ENTRY--TOPICAL TERM
Topical term or geographic name as entry element Nursing ,Transcultural Nursing
650 22 - SUBJECT ADDED ENTRY--TOPICAL TERM
Topical term or geographic name as entry element Culturally Competent Care
700 1# - ADDED ENTRY--PERSONAL NAME
Personal name Andrews, Margaret M.,
Relator term editor.
700 1# - ADDED ENTRY--PERSONAL NAME
Personal name Boyle, Joyceen S.,
Relator term editor.
700 1# - ADDED ENTRY--PERSONAL NAME
Personal name Collins, John,
Titles and other words associated with a name RN,
Relator term editor.
906 ## - LOCAL DATA ELEMENT F, LDF (RLIN)
a 7
b cbc
c orignew
d 1
e ecip
f 20
g y-gencatlg
942 ## - ADDED ENTRY ELEMENTS (KOHA)
Source of classification or shelving scheme
Koha item type Books
Holdings
Withdrawn status Lost status Source of classification or shelving scheme Damaged status Not for loan Permanent Location Current Location Shelving location Date acquired Source of acquisition Cost, normal purchase price Full call number Barcode Date last seen Price effective from Koha item type
          Central Library Main Campus PUMHSW Nawabshah (SBA) Nursing Library Nursing Library 2026-01-05 M/S New Noble ,Bill No: 101 NNB , Date : 05/06/2025 930.00 362.17/3 / 610.73 AND 65020 2026-01-05 2026-01-05 Books
          Central Library Main Campus PUMHSW Nawabshah (SBA) Nursing Library Nursing Library 2026-01-05 M/S New Noble ,Bill No: 101 NNB , Date : 05/06/2025 930.00 362.17/3 / 610.73 AND 65021 2026-01-05 2026-01-05 Books
          Central Library Main Campus PUMHSW Nawabshah (SBA) Nursing Library Nursing Library 2026-01-05 M/S New Noble ,Bill No: 101 NNB , Date : 05/06/2025 930.00 362.17/3 / 610.73 AND 65022 2026-01-05 2026-01-05 Books
          Central Library Main Campus PUMHSW Nawabshah (SBA) Nursing Library Nursing Library 2026-01-05 M/S New Noble ,Bill No: 101 NNB , Date : 05/06/2025 930.00 362.17/3 / 610.73 AND 65023 2026-01-05 2026-01-05 Books
          Central Library Main Campus PUMHSW Nawabshah (SBA) Nursing Library Nursing Library 2026-01-05 M/S New Noble ,Bill No: 101 NNB , Date : 05/06/2025 930.00 362.17/3 / 610.73 AND 65024 2026-01-05 2026-01-05 Books
          Central Library Main Campus PUMHSW Nawabshah (SBA) Nursing Library Nursing Library 2026-01-05 M/S New Noble ,Bill No: 101 NNB , Date : 05/06/2025 930.00 362.17/3 / 610.73 AND 65025 2026-01-05 2026-01-05 Books
          Central Library Main Campus PUMHSW Nawabshah (SBA) Nursing Library Nursing Library 2026-01-05 M/S New Noble ,Bill No: 101 NNB , Date : 05/06/2025 930.00 362.17/3 / 610.73 AND 65026 2026-01-05 2026-01-05 Books
          Central Library Main Campus PUMHSW Nawabshah (SBA) Nursing Library Nursing Library 2026-01-05 M/S New Noble ,Bill No: 101 NNB , Date : 05/06/2025 930.00 362.17/3 / 610.73 AND 65027 2026-01-05 2026-01-05 Books
          Central Library Main Campus PUMHSW Nawabshah (SBA) Nursing Library Nursing Library 2026-01-05 M/S New Noble ,Bill No: 101 NNB , Date : 05/06/2025 930.00 362.17/3 / 610.73 AND 65028 2026-01-05 2026-01-05 Books
          Central Library Main Campus PUMHSW Nawabshah (SBA) Nursing Library Nursing Library 2026-01-05 M/S New Noble ,Bill No: 101 NNB , Date : 05/06/2025 930.00 362.17/3 / 610.73 AND 65029 2026-01-05 2026-01-05 Books
          Central Library Main Campus PUMHSW Nawabshah (SBA) Nursing Library Nursing Library 2026-01-05 M/S New Noble ,Bill No: 101 NNB , Date : 05/06/2025 930.00 362.17/3 / 610.73 AND 65030 2026-01-05 2026-01-05 Books
          Central Library Main Campus PUMHSW Nawabshah (SBA) Nursing Library Nursing Library 2026-01-05 M/S New Noble ,Bill No: 101 NNB , Date : 05/06/2025 930.00 362.17/3 / 610.73 AND 65031 2026-01-05 2026-01-05 Books
          Central Library Main Campus PUMHSW Nawabshah (SBA) Nursing Library Nursing Library 2026-01-05 M/S New Noble ,Bill No: 101 NNB , Date : 05/06/2025 930.00 362.17/3 / 610.73 AND 65032 2026-01-05 2026-01-05 Books
          Central Library Main Campus PUMHSW Nawabshah (SBA) Nursing Library Nursing Library 2026-01-05 M/S New Noble ,Bill No: 101 NNB , Date : 05/06/2025 930.00 362.17/3 / 610.73 AND 65033 2026-01-05 2026-01-05 Books
          Central Library Main Campus PUMHSW Nawabshah (SBA) Nursing Library Nursing Library 2026-01-05 M/S New Noble ,Bill No: 101 NNB , Date : 05/06/2025 930.00 362.17/3 / 610.73 AND 65034 2026-01-05 2026-01-05 Books
          Central Library Main Campus PUMHSW Nawabshah (SBA) Nursing Library Nursing Library 2026-01-05 M/S New Noble ,Bill No: 101 NNB , Date : 05/06/2025 930.00 362.17/3 / 610.73 AND 65035 2026-01-05 2026-01-05 Books
          Central Library Main Campus PUMHSW Nawabshah (SBA) Nursing Library Nursing Library 2026-01-05 M/S New Noble ,Bill No: 101 NNB , Date : 05/06/2025 930.00 362.17/3 / 610.73 AND 65036 2026-01-05 2026-01-05 Books
          Central Library Main Campus PUMHSW Nawabshah (SBA) Nursing Library Nursing Library 2026-01-05 M/S New Noble ,Bill No: 101 NNB , Date : 05/06/2025 930.00 362.17/3 / 610.73 AND 65037 2026-01-05 2026-01-05 Books
          Central Library Main Campus PUMHSW Nawabshah (SBA) Nursing Library Nursing Library 2026-01-05 M/S New Noble ,Bill No: 101 NNB , Date : 05/06/2025 930.00 362.17/3 / 610.73 AND 65038 2026-01-05 2026-01-05 Books
          Central Library Main Campus PUMHSW Nawabshah (SBA) Nursing Library Nursing Library 2026-01-05 M/S New Noble ,Bill No: 101 NNB , Date : 05/06/2025 930.00 362.17/3 / 610.73 AND 65039 2026-01-05 2026-01-05 Books

Copyright © 2018,The PUMHSW, Nawabshah, Shaheed Benazirabad. All rights reserved
Mr. Abdul Sattar Mahar (Chief Librarian) PUMHSW, Nawabshah, Sindh, Pakistan 67480.
Ph#: | 0244-9370425 Ext. 2241 Email| librarian@pumhs.edu.pk Web| http://www.pumhs.edu.pk
سنڌي ڪي بورڊ